| 000 | 00348nam a2200121Ia 4500 | ||
|---|---|---|---|
| 008 | 210430s9999 xx 000 0 und d | ||
| 082 | _a621.3 A6461 A | ||
| 100 |
_aAdir Moyses Luiz _954032 |
||
| 245 |
_aApplication of High-TC Superconductivity _cAdir Moyses Luiz |
||
| 260 |
_aphoto copy _bJaneza Trdine _c2011 |
||
| 300 | _a260p | ||
| 942 |
_cBK _2ddc |
||
| 999 |
_c564564 _d564564 |
||